Villes de France en G - Statistiques

Statistiques générales
  • Ce quiz a été pris 102 fois
  • Le résultat moyen est 3 sur 14
Statistiques - réponses
Population Ville % Correct
160K Grenoble
97%
42K Gap
50%
53K Gennevilliers
39%
51K Grasse
37%
27,3K Grigny
22%
21K Givors
16%
44K Garges-lès-Gonesse
15%
29,5K Goussainville
14%
41K Gagny
12%
27,2K Gonesse
12%
26K Gradignan
9%
29,7K Guyancourt
9%
20K Grande-Synthe
2%
22K Gujan-Mestras
1%
Aucun quiz correspondant
Distribution des résultats
% des personnes avec chaque résultat
Percentile par nombre de réponses
Votre historique - résultats
Vous n’avez pas pris ce quiz